Aircraft maintenance and repair / (Record no. 87816)
[ view plain ]
| 000 -LEADER | |
|---|---|
| fixed length control field | 00700nam a22002297a 4500 |
| 005 - DATE AND TIME OF LATEST TRANSACTION | |
| control field | 20140826155021.0 |
| 010 ## - LCCN (DPL NO) | |
| LC control number | ENG-110636 |
| 020 ## - INTERNATIONAL STANDARD BOOK NUMBER | |
| Terms of availability | 1295.00 |
| International Standard Book Number | 9789339204969 |
| 020 ## - INTERNATIONAL STANDARD BOOK NUMBER | |
| Terms of availability | 1295.00 |
| International Standard Book Number | 9339204964 |
| 035 ## - SYSTEM CONTROL NUMBER | |
| System control number | EN-94168 |
| 037 ## - SOURCE OF ACQUISITION | |
| Source of stock number/acquisition | DBAD/PUB |
| 082 ## - DEWEY DECIMAL CLASSIFICATION NUMBER | |
| Classification number | 629.1346 |
| 245 ## - TITLE STATEMENT | |
| Title | Aircraft maintenance and repair / |
| Statement of responsibility, etc | by Michael J. Kroes...[et al] |
| 250 ## - EDITION STATEMENT | |
| Edition statement | 7th ed |
| 260 ## - PUBLICATION, DISTRIBUTION, ETC. (IMPRINT) | |
| Place of publication, distribution, etc | New Delhi |
| Name of publisher, distributor, etc | McGraw Hill Education |
| Date of publication, distribution, etc | 2014 |
| 270 ## - ADDRESS | |
| Address | P-24, Green Park Extn. |
| City | New Delhi |
| Postal code | 110016 |
| 300 ## - PHYSICAL DESCRIPTION | |
| Extent | xv,713p. : |
| Dimensions | 28cm(pbk) |
| Other physical details | ill. |
| 500 ## - GENERAL NOTE | |
| General note | Includes index |
| 650 ## - SUBJECT ADDED ENTRY--TOPICAL TERM | |
| Topical term or geographic name as entry element | Airplanes |
| General subdivision | Maintenance and repair. |
| 700 ## - ADDED ENTRY--PERSONAL NAME | |
| Personal name | Kroes, Michael J. |
| 942 ## - ADDED ENTRY ELEMENTS (KOHA) | |
| Source of classification or shelving scheme | Dewey Decimal Classification |
| Item type | English Books |
| Call number suffix | AIR |
| Classification part | 629.1346 |
| Withdrawn status | Lost status | Not for loan | Collection code | Home library | Current library | Date acquired | Source of acquisition | Cost, normal purchase price | Full call number | Barcode | Copy number | Cost, replacement price | Koha item type |
|---|---|---|---|---|---|---|---|---|---|---|---|---|---|
| Not For Loan | Non-fiction | D.B.Act.Division | D.B.Act.Division | 12/08/2014 | DBAD/PUB | 1295.00 | 629.1346 AIR | EN-94168 | 1 | 1295.00 | English Books |
